000 00489nam a2200193Ia 4500
008 140626s9999 xx 000 0 und d
100 _aSun-Cua, Alice.
245 _aWriter's world :
_b noch ein bier, bitte (another beer, please) /
_cAlice.Sun-Cua
260 _cc2012.
300 _a13 : 10, page 58
440 _aCruising
521 _aTOU
650 _aAdventure.
650 _aDestination.
650 _aGermany.
650 _aPanorama.
650 _aTravel.
942 _cSE
999 _c121160
_d121160